000
00327 a2200157 4500
001
70711
020
_a
040
_c
Anchieta - Itaigara
100
_a
Empresa Baiana de Jornalismo S.A.
240
1
0
_a
Bimba-Rei Negro
_l
por
245
1
0
_a
Bimba-Rei Negro
300
_a
79
362
0
_a
2003
650
4
_a
Bahia
942
_c
BK
999
_c
70711
_d
70711